00722nam a2200217Ia 4500003000400000005001700004008004100021040000700062041000800069082002100077100002600098245004200124260004500166365001200211650002200223650003700245906003900282942001200321999001900333952015200352OSt20230516104307.0210423s1990 xx 000 0 und d cAL aeng a338.9 223bJHIE aJHINGAN (M L)9104781 aEconomics of development and planning aNew DelhibOxford University Pressc1990 b45cINR aEconomics9104782 aEconomics of Development9104783 adevelopment ; Economics ; planning 2ddccBK c172141d172141 001040708MSWaSACPGbSACPGd2001-11-28eIntel Book Distributersg45.00l1o338.9 JHIEpPG018679r2024-11-07 00:00:00s2024-10-23w2021-04-26yBK